MDQL
is popping MORE tags! Check the
thread
!
Quizzes
Events
Quiz Creation
Community
Videos
Private Events
Remove Ads
Sign In
Join for FREE
Feedback
Dark Mode
Quiz Categories
Sports
Geography
Music
Movies
Television
Just For Fun
Miscellaneous
History
Literature
Language
Science
Gaming
Entertainment
Religion
Holiday
For Kids
Quiz Lab
Recent
Popular Today
Quiz Kudos Today
Editor Picks
Curator Picks
Quizzes by...
Day
Popularity
Type
Ratings
Length
Year
Community
Subscriptions
Recent Discussions
Orange Saloon
Badges
Playlists
Quests
Create
Leaderboards
Showdown
Live 5
Trivia Bingo
Activity
Puzzle Library
Sporcle Events
Private Events
Virtual Trivia
Globe League
Become a Host
Pub Owners
SporcleCon
Opinionation
Our Games
Videos
Blog
Mobile Apps
Partnerships
Remove Ads and Go Orange
Feedback
Gaming
Video Games
Board Games
Card Games
Pokémon
Mario
Nintendo
Minecraft
Console
Toys
Legend of Zelda
Gaming
Video Games
Board Games
Card Games
Pokémon
Mario
Nintendo
Minecraft
Console
Toys
Legend of Zelda
Random Quiz
Search Sporcle
×
Quiz Lab
Quiz Lab
Gaming
Kirby Abilities
Type in answers that appear in a list
Type in answers that appear in a list
Classic
Best Score? Go Orange.
Copy Abilities Stats
Do you think you're a Kirby Master? Test yourself by naming all the copy abilities!
By
Sloopy678
20m
68 Questions
49 Plays
49 Plays
49 Plays
Comments
Comments
Give Quiz Kudos
Give Quiz Kudos
-
- Ratings
hide this ad
Replay
Link that replays current quiz
Next Quiz
Link to next quiz in quiz playlist
You Got
0%
They Got
Avg Score
57%
Avg Friend Score
Upgrade to see
Score Distribution
Jump to the score distribution portion of the page
Score
0/68
Timer
20:00
0
Plays Today
Year
Ability
% Correct
1993
Fire
95.9%
1993
Ice
87.8%
1993
Sword
87.8%
1993
Beam
81.6%
1993
Hammer
81.6%
1993
Crash
75.5%
1993
Cutter
75.5%
1993
Spark
75.5%
2011
Water
75.5%
1993
Wheel
73.5%
2011
Leaf
73.5%
1993
Stone
71.4%
1996
Ninja
71.4%
1996
Wing
71.4%
1993
Freeze
69.4%
1996
Bomb
69.4%
1996
Mirror
69.4%
1993
Ball
67.3%
1993
Burning
67.3%
2006
Animal
67.3%
1996
Copy
65.3%
1996
Fighter
65.3%
2014
Beetle
65.3%
1993
Parasol
61.2%
1996
Yo-Yo
61.2%
2011
Spear
59.2%
2011
Whip
59.2%
1993
Needle
57.1%
1993
Throw
57.1%
2014
Bell
57.1%
2014
Circus
57.1%
2014
Hypernova
57.1%
1993
Star Rod
57.1%
1993
Backdrop
55.1%
Year
Ability
% Correct
1993
Sleep
55.1%
1993
Tornado
55.1%
1993
UFO
55.1%
1996
Cook
55.1%
1996
Plasma
55.1%
1996
Suplex
55.1%
2011
Ultra Sword
55.1%
2006
Ghost
55.1%
1993
Hi-Jump
53.1%
1996
Jet
53.1%
2004
Magic
53.1%
2006
Metal
53.1%
1993
Laser
51%
1993
Light
51%
2011
Snow Bowl
51%
2004
Master
51%
1993
Mic
49%
1996
Paint
49%
2011
Flare Beam
49%
2004
Mini
46.9%
2011
Grand Hammer
46.9%
1997
Clean
44.9%
2004
Cupid
44.9%
2005
Balloon
44.9%
2011
Monster Flame
44.9%
2006
Bubble
44.9%
2004
Smash
42.9%
2004
Missile
40.8%
1997
Love-Love Stick
40.8%
2006
Triple Star
40.8%
1996
Starship
32.7%
1995
Rainbow Sword
30.6%
2014
Sniper
20.4%
2000
Ribbon's Shard Gun
14.3%
Quiz Playlist
Details
Report
Send in Message
Add To Playlist
Classic:
Type in answers that appear in a list
Last Updated: Feb 16, 2017
Quiz Scoreboard
CHALLENGE
Sign Up to Join the Scoreboard
Show All
Scores
Hide
Comments
May contain spoilers
Recently Published
5x2 Blitz: Bands
by SL_Kpop136
Music
30s
Colored Red Africa Blitz
by spor1
Geography
30s
Find the 'City' Movie
by crazypaving
Movies
60s
More to Explore
Quiz From the Vault
Featured Blog Post
14 Easter Pick-up Lines to Find Eggs With
hide this ad
You Might Also Like...
Tags
Kirby Abilities
Kirby Series
Today's Top Quizzes in Gaming
Browse Gaming
hide this ad
Top Contributed Quizzes in Gaming
1
Genshin murder mystery
2
Dead By Daylight Logic Puzzle
3
Destiny 2 exotic weapons by perk icons
4
League of Legends Pro Players by Career/Team History
5
Genshin Impact Logic Puzzle
6
Overwatch 2: Ultimate Ability Icons
7
Genshin Impact Logic Puzzle Quiz II
8
Overwatch Logic Puzzle
9
Who's on the WWE 2K24 Cover?
10
5-to-1: Legend of Zelda
Explore More
Trending Topics
Kpop
Disney
NBA
Harry Potter
Crossword
Anime
Marvel
The Office
Country
Soccer
Pokémon
Song
Puzzle
WWE
NFL
hide this ad
More By:
Sloopy678
Quiz
Plays
Rating
Category
Featured
Created
Copy Abilities
49
Gaming
Dec 29, 2013
Go to Creator's Profile
Score Distribution
Quiz Creator Spotlight
Sloopy678
Follow
Send a Message
Quizzes Created
-
Created Quiz Play Count
-
More By This Creator
Popular Quizzes Today
1
Colored Red Africa Blitz
2
Find the 'City' Movie
3
5x2 Blitz: Bands
4
Find the US States - No Outlines Minefield
5
The Countries of the World
6
Find the US States
7
US States
8
Find the Countries of Europe - No Outlines Minefield
More Gaming Quizzes
Overwatch: Cassidy Skins (Quick Pick)
Quiz Lab
Trending Quizzes
Colored Red Europe Blitz I
Colored Red Europe Blitz II
Colored Red Africa Blitz II
Colored Red Europe Blitz III
Colored Red Africa Blitz III
Recently Updated
How Do You Spell That?
pecheneg
Godzilla Movies
pecheneg
Grab Bag: 4-10 Letters
pecheneg
2024 March Madness Bracket
pecheneg
Famous TV Couples
Peacemaker
Champions League XIs: Real Madrid
pecheneg
Largest US Cities 1790-2010
pecheneg
Rides in Walt Disney World
pecheneg
Most Oscar Losses (Acting)
pecheneg
Beyoncé Albums
pecheneg
Trending Topics
NBA
Crossword
Kpop
Disney
Anime
Marvel
Harry Potter
Song
Pokémon
The Office
Country
WWE
Soccer
NFL
Puzzle
Your Account Isn't Verified!
In order to create a playlist on Sporcle, you need to verify the email address you used during registration. Go to your
Sporcle Settings
to finish the process.
Report this User
Report this user for behavior that violates our
Community Guidelines
.
Details:
Send Report
Go to the Sporcle.com Mobile Site →
Comments